Miesiące po portugalsku - Statystyki

Ogólne statystyki
  • Ten quiz został rozwiązany 4 razy
  • Średni wynik to 5 z 12
Statystyki odpowiedzi
Polski Portugalski % Poprawnych
kwiecień Abril
100%
luty Fevereiro
75%
sierpień Agosto
50%
styczeń Janeiro
50%
lipiec Julho
50%
czerwiec Junho
50%
listopad Novembro
50%
wrzesień Setembro
50%
grudzień Dezembro
25%
październik Outubro
25%
marzec Marchar
0%
maj Poderia
0%
Nie znaleziono quizów pasujących do podanych kryteriów
Rozkład punktacji
Procent ludzi z każdym wynikiem
Percentyl według liczby udzielonych odpowiedzi
Twoja historia wyników
Nie rozwiązałeś tego quizu